2023 World Rugby 15s Team of the Year - Statistics

General Stats
  • This quiz has been taken 38 times
  • The average score is 11 of 15
Answer Stats
Position Country Answer % Correct
Scrum Half France Antoine Dupont
91%
Number 8 New Zealand Ardie Savea
91%
Lock South Africa Eben Etzebeth
91%
Wing New Zealand Will Jordan
84%
Fullback France Thomas Ramos
81%
Centre Ireland Bundee Aki
78%
Wing France Damian Penaud
78%
Hooker Ireland Dan Sheehan
75%
Centre Ireland Garry Ringrose
75%
Prop Ireland Tadgh Furlong
72%
Fly Half New Zealand Richie Mo'unga
69%
Lock New Zealand Scott Barrett
69%
Prop France Cyril Baille
59%
Flanker France Charles Ollivon
47%
Flanker Ireland Caelan Doris
41%
No matching quizzes found
Score Distribution
Percent of People with Each Score
Percentile by Number Answered
Your Score History
You have not taken this quiz